Chaîne de mots "u" #2 - Statistiques

Statistiques générales
  • Ce quiz a été pris 137 fois
  • Le résultat moyen est 19 sur 31
Statistiques - réponses
Définition Réponse % Correct
Art Martial pratiqué par un panda Kung-Fu
96%
Ce n'est pas moins Plus
94%
Le Nord mais a l'opposé Sud
94%
Nom de la clé que l'on insère dans l'ordi USB
94%
Vient après le passé et le présent Futur
93%
Alcool fort indispensable au Mojito Rhum
91%
Sport de vagues intégrer aux JO 2024 Surf
90%
Marque de colle utilisée à l'école Uhu
90%
La Russie et d'autres avant 1991 URSS
85%
Nom du milliardaire propriétaire de Tesla Musk
84%
Synonyme de tasse Mug
80%
Synonyme d'objectifs Buts
74%
Arrêts de l'ordinateur, ou dysfonctionnements Bugs
73%
Marque française de pâtes alimentaires Lustucru
66%
Bruit du klaxon de voiture Tut
66%
Nom d'un nuage Cumulus
65%
Il tiens chaud l'hiver Pull
64%
Secrétions visqueuses dans l'organisme Mucus
57%
Ville sur le Danube ou planeur motorisé ULM
52%
Structure dans laquelle on peut pratiquer un sport Club
51%
Langue dont le pays a ses terres séparées par le Bosphore Turc
50%
Substance liquide sécrétée par les organismes animaux Suc
49%
Terme familier désignant une personne grotesque ou comique Gugus
44%
Terme désignant un coup au golf Putt
39%
Synonyme abrégé de drogue Stup
39%
Verbe anglais désignant le fait de manger bruyamment Slurp
35%
Ville de la Somme que l'on peut faire avec les lettres LUURC Curlu
33%
Autre nom de Ayers Rock en Australie Uluru
20%
Station balnéaire du Mexique dans l'état du Quintana Tulum
14%
Entreprise spécialisée dans le paiement facile SumUp
10%
Problème ou imprévu belge Stuut
2%
Aucun quiz correspondant
Distribution des résultats
% des personnes avec chaque résultat
Percentile par nombre de réponses
Votre historique - résultats
Vous n’avez pas pris ce quiz